The Abolition of the Brazilian Slave Trade : (Record no. 611263)

MARC details
000 -LEADER
fixed length control field 00523nam a2200193 a 4500
008 - FIXED-LENGTH DATA ELEMENTS--GENERAL INFORMATION
fixed length control field 260207s1970##################000#0#eng##
020 ## - INTERNATIONAL STANDARD BOOK NUMBER
ISBN 9780521101134
082 04 - DEWEY DECIMAL CLASSIFICATION NUMBER
Classification number 306.362
Item number BET
100 1# - MAIN ENTRY--AUTHOR NAME
Personal name Bethell, Leslie,
245 10 - TITLE STATEMENT
Title The Abolition of the Brazilian Slave Trade :
260 ## - PUBLICATION, DISTRIBUTION, ETC. (IMPRINT)
Name of publisher Cambridge University Press,
Year of publication 1970.
300 ## - PHYSICAL DESCRIPTION
Number of Pages 448 pages
650 #0 - SUBJECT ADDED ENTRY--TOPICAL TERM
Topical Term History.
942 ## - ADDED ENTRY ELEMENTS (KOHA)
Koha item type English Books
Holdings
Withdrawn status Lost status Damaged status Not for loan Home library Current library Shelving location Date acquired Full call number Accession Number Price effective from Koha item type
        Anna Centenary Library Anna Centenary Library 3RD FLOOR, B WING 07.02.2026 306.362 BET 236105 07.02.2026 English Books

Find us on the map